Statistics for Country Flags by Words

Click here to take the quiz!

General Stats

  • This quiz has been taken 20 times
  • The average score is 9 of 16

Answer Stats

HintAnswer% Correct
República de El Salvador
en la America Central
El Salvador
100%
República de Nicaragua |
America Central
Nicaragua
100%
República de ParaguayParaguay
100%
Ordem e Progresso
Brazil
95%
There is no god but God;
Muhammad is the messenger of God*
Saudi Arabia | Afghanistan
95%
Allahu Akbar (God is the greatest)*Iraq
68%
Libertad 15 de Septiembre de 1821Guatemala
58%
Plus ultraSpain
53%
United Arab Republic*Egypt
47%
Sub umbra floreoBelize
42%
Dios, Patria, LibertadDominican Republic
37%
L'Union Fait la ForceHaiti
37%
LibertasSan Marino
21%
_____, Abode of Peace*Brunei
16%
For GallantryMalta
16%
Unidad, Paz, JusticiaEquatorial Guinea
0%

Score Distribution

Percentile by Number Answered

Percent of People with Each Score

Your Score History

You have not taken this quiz